000 012755cama220016934a4500
999 _c1021
_d1021
020 _a0072286318
050 _aHD6971.5
_b .K38 2000
100 _a Katz, Harry C.
245 _a An introduction to collective bargaining and industrial relations;
_c Harry C. Katz, Thomas A. Kochan.
250 _a2nd ed.
260 _a Boston :
_b IRWIN/McGraw-Hill,
_c2000.
300 _a xvi, 484 p. :
_b ill. ;
_c24 cm.
505 _a A framework for analyzing collective bargaining and industrial relations -- The historical evolution of the U.S. industrial relations system -- The legal regulation of unions and collective bargaining -- The role of the environment -- Management strategies and structures for collective bargaining -- Union strategies and structures for representing workers -- Union organizing and bargaining structures -- The negotiations process and strikes -- Dispute resolution procedures -- Contract terms and employment outcomes -- Administering the employment relationship -- Participatory processes -- Collective bargaining in the public sector -- International and comparative industrial reations -- The future of U.S. labor policy and industrial relations
650 _a Collective bargaining.
700 _aKochan, Thomas A.
942 _cBK